Josh Brolin Filmography - Statistics

General Stats
  • This quiz has been taken 159 times
    51 since last reset
  • The average score is 26 of 89
Answer Stats
Type Year Name % Correct
Film 2019 Avengers: Endgame
88%
Film 2018 Avengers: Infinity War
80%
Film 2008 W.
72%
Film 2007 No Country for Old Men
68%
Film 2012 Men in Black 3
64%
Film 2015 Avengers: Age of Ultron
60%
Film 2018 Deadpool 2
60%
Film 2015 Sicario
56%
Film 2025 Weapons
56%
Film 1985 The Goonies
52%
Film 2021 Dune
48%
Film 2024 Dune: Part Two
48%
Film 2010 Jonah Hex
48%
Film 2007 American Gangster
44%
Film 2014 Guardians of the Galaxy
44%
Film 2008 Milk
44%
TV Show 2008, 2012, 2024 Saturday Night Live
44%
Film 2015 Everest
40%
Film 2025 Wake Up Dead Man
40%
Film 2016 Hail, Caesar!
36%
Film 2000 Hollow Man
36%
Film 2014 Inherent Vice
36%
Film 2013 Oldboy
36%
Film 2018 Sicario 2: Soldado
36%
Film 2025 The Running Man
36%
Film 2010 True Grit
36%
Web Series 2021, 2023, 2024 What If...?
36%
Film 2013 Gangster Squad
32%
Film 2007 Grindhouse
32%
Film 2013 Labor Day
32%
Film 2017 Only the Brave
32%
Film 2024 Brothers
28%
Film 1997 Mimic
28%
Film 2014 Sin City: A Dame to Kill For
28%
Film 2010 Wall Street: Money Never Sleeps
28%
Film 2005 Into the Blue
24%
Documentary Mini-Series 2012 Mankind: The Story of All of Us
24%
Web Series 2022-2024 Outer Range
24%
Documentary Mini-Series 2025 The American Revolution
24%
Film 2026 The Dog Stars
24%
Film 2018 The Legacy of a Whitetail Deer Hunter
24%
Documentary 2009 The People Speak
24%
Film 2007 To Each His Own Cinema
24%
Film TBA Whalefall
24%
Film 2010 You Will Meet a Tall Dark Stranger
24%
TV Show 1987 21 Jump Street
20%
Film 1999 All the Rage
20%
TV Film 1989 Finish Line
20%
Film 2021 Flag Day
20%
Film 2007 In the Valley of Elah
20%
Film 2004 Melinda and Melinda
20%
Film 2003 Milwaukee, Minnesota
20%
TV Show 2003 Mister Sterling
20%
TV Film 2005 Murder Book
20%
Film 1997 Nightwatch
20%
Film 2000 Slow Burn
20%
Film 2006 The Dead Girl
20%
Music Video 1985 The Goonies 'R' Good Enough
20%
Film 1993 The Road Killers
20%
TV Show 1989-1992 The Young Riders
20%
Film 1986 Thrashin'
20%
Web Series 2024 True Crime with Dr. Phil
20%
Documentary 2016 Unchained: The Untold Story of Freestyle Motocross
20%
Documentary Series 2012 Untamed Americas
20%
Film 2009 Women in Trouble
20%
Short Film 2007 World Cinema
20%
Documentary Series 2013 30 for 30
16%
Film 1996 Bed of Roses
16%
Film 1999 Best Laid Plans
16%
Short Film 2001 D.C. Smalls
16%
Film 1996 Flirting with Disaster
16%
TV Film 1996 Gang in Blue
16%
TV Show 1986 Highway to Heaven
16%
TV Mini-Series 2005 Into the West
16%
TV Film 2000 Picnic
16%
TV Film 1987 Prison for Children
16%
TV Show 1987-1988 Private Eye
16%
Film 1999 The Mod Squad
16%
TV Show 1995 The Outer Limits
16%
Documentary 2010 The Tillman Story
16%
Theater 2000 True West
16%
TV Show 1994 Winnetka Road
16%
Director 2008 X
16%
TV Short 2018 Asesinato en el Hormiguero Express
12%
Documentary 2016 Never Surrender: The Ed Ramsey Story
12%
TV Show 2021 Ride with Norman Reedus
12%
Documentary 2025 Kerouac's Road: The Beat of a Nation.
8%
Commercial 2010 Mercedes-Benz
8%
Theater 2002 The Exonerated
4%
No matching quizzes found
Score Distribution
Percent of People with Each Score
Percentile by Number Answered
Your Score History
You have not taken this quiz since the last reset